Flight paths : how a passionate and quirky group ... Read More
Available copies
- 2 of 2 copies available at LARL/NWRL Consortium.
- 2 of 2 copies available at Lake Agassiz Regional Library. (Show preferred library)
Current holds
0 current holds with 2 total copies.
Show Only Available Copies
| Location | Call Number / Copy Notes | Barcode | Shelving Location | Status | Due Date |
|---|---|---|---|---|---|
| Crookston Public Library | 598.1568 HEI (Text) | 33500013766688 | Main | Available | - |
| Moorhead Public Library | 598.1568 HEI (Text) | 33500013766670 | Main | Available | - |
Record details
- ISBN: 9780063161146
- ISBN: 0063161141
- Physical Description: 267 pages, 16 unnumbered leaves of unnumbered ... Read More
- Edition: First edition.
- Publisher: New York, NY : Harper, an imprint of HarperCollinsPublishers, [2023]
- Copyright: ©2023
Content descriptions
| Bibliography, etc. Note: | Includes bibliographical references and index. |
| Formatted Contents Note: | Introduction: Where do the birds go? -- A bird in ... Read More |
| Summary, etc.: | "Flight Paths is the never-before-told story of ... Read More |
Search for related items by subject
| Subject: | Birds > Migration > Research. Migratory birds > Research. Flyways > Research. Bird watching. |
| LDR | 02395cam a2200457 i 4500 | ||
|---|---|---|---|
| 001 | 408666 | ||
| 003 | LARL_NWRL_CONSORTIUM | ||
| 005 | 20230328161236.0 | ||
| 008 | 220617s2023 nyuaf b 001 0 eng d | ||
| 040 | . | ‡aYDX ‡beng ‡erda ‡cYDX ‡dIG$ ‡dLIV ‡dBDX ‡dHBP ‡dGO3 ‡dCLE ‡dILC ‡dOCLCF | |
| 019 | . | ‡a1356621107 ‡a1366110259 ‡a1368473315 | |
| 020 | . | ‡a9780063161146 ‡q(hardcover) | |
| 020 | . | ‡a0063161141 ‡q(hardcover) | |
| 035 | . | ‡a(OCoLC)1330406281 ‡z(OCoLC)1356621107 ‡z(OCoLC)1366110259 ‡z(OCoLC)1368473315 | |
| 082 | 0 | 4. | ‡a598.156/8 ‡223 |
| 100 | 1 | . | ‡aHeisman, Rebecca, ‡eauthor. |
| 245 | 1 | 0. | ‡aFlight paths : ‡bhow a passionate and quirky group of pioneering scientists solved the mystery of bird migration / ‡cRebecca Heisman. |
| 250 | . | ‡aFirst edition. | |
| 264 | 1. | ‡aNew York, NY : ‡bHarper, an imprint of HarperCollinsPublishers, ‡c[2023] | |
| 264 | 4. | ‡c©2023 | |
| 300 | . | ‡a267 pages, 16 unnumbered leaves of unnumbered plates : ‡billustrations (some color) ; ‡c24 cm | |
| 336 | . | ‡atext ‡btxt ‡2rdacontent | |
| 336 | . | ‡astill image ‡bsti ‡2rdacontent | |
| 337 | . | ‡aunmediated ‡bn ‡2rdamedia | |
| 338 | . | ‡avolume ‡bnc ‡2rdacarrier | |
| 504 | . | ‡aIncludes bibliographical references and index. | |
| 505 | 0 | . | ‡aIntroduction: Where do the birds go? -- A bird in the hand -- Looking and listening -- Chasing angels -- Follow that beep -- Higher, further, faster -- Navigating by the sun -- You are where you eat -- The feather library -- Vox populi -- Conclusion: Sky full of hope. |
| 520 | . | ‡a"Flight Paths is the never-before-told story of how a group of migration-obsessed scientists in the twentieth and twenty-first centuries engaged nearly every branch of science to understand bird migration--from where and when they take off to their flightpaths and behaviors, their destinations and the challenges they encounter getting there"-- ‡cProvided by publisher. | |
| 650 | 0. | ‡aBirds ‡xMigration ‡xResearch. | |
| 650 | 0. | ‡aMigratory birds ‡xResearch. | |
| 650 | 0. | ‡aFlyways ‡xResearch. | |
| 650 | 0. | ‡aBird watching. ‡0(LARL_NWRL_CONSORTIUM)15031 | |
| 901 | . | ‡a408666 ‡bOCoLC ‡c408666 ‡tbiblio ‡soclc | |

Add to basket
Permalink
Disable Highlighting